[Event "12th EUR-ch"]
[Site "Aix-les-Bains FRA"]
[Date "2011.03.31"]
[Round "9.117"]
[White "Caspi, Israel"]
[Black "Daurelle, Herve"]
[Result "1-0"]
[WhiteElo "2451"]
[BlackElo "2268"]
[EventDate "2011.03.22"]
[PlyCount "127"]

1.e4 e5 2.Nf3 Nc6 3.Bb5 a6 4.Ba4 Nf6 5.O-O b5 6.Bb3 Bb7 7.d3 Be7 8.Re1 O-O
9.Nbd2 h6 10.Nf1 Re8 11.a3 Bf8 12.Ne3 Na5 13.Ba2 c5 14.Bd2 Nc6 15.h3 d6 
16.Nh2 Bc8 17.Nhg4 Nxg4 18.hxg4 Be6 19.Nf5 Bxa2 20.Rxa2 d5 21.Qf3 dxe4 22.
Qxe4 Nd4 23.c3 Nb3 24.Be3 Qd7 25.a4 b4 26.a5 Nd4 27.Rd1 bxc3 28.bxc3 Nb5 
29.Rc2 Rad8 30.Rcc1 Qc7 31.Qa4 Kh7 32.Ng3 g6 33.Ne4 Re6 34.g5 h5 35.g4 Be7
36.gxh5 gxh5 37.Ng3 Rg6 38.Qh4 Rh8 39.Qxh5+ Kg8 40.Qg4 Qd8 41.Ne4 Rh7 42.
Kf1 Rhg7 43.Ke2 Nd6 44.Nxd6 Rxd6 45.Bxc5 Rxg5 46.Qb4 Re6 47.Bxe7 Qxe7 48.
Rg1 Rxg1 49.Rxg1+ Kf8 50.Qc4 e4 51.d4 Rd6 52.Qc8+ Rd8 53.Qxa6 Qh4 54.Qb5 
Qf4 55.Rg3 Rc8 56.Qb4+ Ke8 57.Rg8+ Kd7 58.Qb7+ Kd6 59.Qxc8 Qf3+ 60.Ke1 
Qh1+ 61.Kd2 e3+ 62.fxe3 Qh2+ 63.Kd3 Qh7+ 64.Kc4 1-0

[Event "12th EUR-ch"]
[Site "Aix-les-Bains FRA"]
[Date "2011.03.31"]
[Round "9.118"]
[White "Ravot, Sylvain"]
[Black "Schroll, Gerhard"]
[Result "0-1"]
[WhiteElo "2268"]
[BlackElo "2449"]
[EventDate "2011.03.22"]
[PlyCount "82"]

1.d4 f5 2.g3 Nf6 3.Bg2 e6 4.Nf3 Be7 5.O-O O-O 6.c4 d5 7.b3 a5 8.a3 b6 9.
Ne5 Bb7 10.Bb2 Nbd7 11.Nd3 Bd6 12.Nd2 Qe7 13.Nf3 Ne4 14.Nfe5 Bxe5 15.dxe5 
dxc4 16.bxc4 Rfd8 17.Qc2 Rac8 18.Bd4 Nec5 19.Bxb7 Nxb7 20.Nf4 Ndc5 21.e3 
a4 22.Rad1 Nb3 23.Bc3 N7c5 24.Bb4 Qe8 25.Ne2 Ne4 26.Rxd8 Rxd8 27.Rd1 h6 
28.Rd3 Ng5 29.h4 Nf3+ 30.Kf1 Nxe5 31.Rxd8 Qxd8 32.Nf4 Qd7 33.e4 Qc6 34.c5 
Nd4 35.Qb1 Qb5+ 36.Kg2 bxc5 37.Qd1 Qc6 38.Kh2 cxb4 39.exf5 Nef3+ 40.Kh3 
exf5 41.axb4 g5 0-1

[Event "12th EUR-ch"]
[Site "Aix-les-Bains FRA"]
[Date "2011.03.31"]
[Round "9.119"]
[White "Vernay, Clovis"]
[Black "Donchenko, Alexander"]
[Result "1-0"]
[WhiteElo "2449"]
[BlackElo "2216"]
[EventDate "2011.03.22"]
[PlyCount "169"]

1.d4 d5 2.Nf3 Nf6 3.e3 e6 4.c4 dxc4 5.Bxc4 c5 6.O-O a6 7.Bb3 Nc6 8.Nc3 Be7
9.a3 Qc7 10.h3 O-O 11.Qe2 b5 12.Rd1 Bb7 13.dxc5 Bxc5 14.e4 Nd7 15.Ba2 Nde5
16.Bf4 Nxf3+ 17.Qxf3 Qe7 18.Qg3 Rfd8 19.e5 Rd4 20.Re1 Qc7 21.Rac1 Ne7 22.
Bb1 Qd7 23.Ne2 Rc4 24.Rcd1 Qc7 25.b3 Rxf4 26.Nxf4 Bxa3 27.Qd3 Ng6 28.Nxg6 
hxg6 29.h4 Qc6 30.Qh3 Bb4 31.Be4 Qc7 32.Bxb7 Qxb7 33.Re2 Rc8 34.h5 gxh5 
35.Qxh5 Qc7 36.Re4 Be7 37.Re3 g6 38.Qh6 Bf8 39.Qf4 Rd8 40.Red3 Rxd3 41.
Rxd3 Bg7 42.Qg5 Bf8 43.Rd8 Qc5 44.Ra8 Qb4 45.Kh2 a5 46.Qf6 Qg4 47.g3 a4 
48.bxa4 bxa4 49.Ra7 Qh5+ 50.Kg2 g5 51.Rxa4 Bg7 52.Qd8+ Kh7 53.Qd3+ Qg6 54.
Qe4 Qxe4+ 55.Rxe4 Kg6 56.g4 Bf8 57.f3 Ba3 58.Re2 Bc1 59.Kf2 Bf4 60.Re4 Bh2
61.Ke2 Kg7 62.Kd3 Kf8 63.Re2 Bg3 64.Kd4 Ke7 65.Rb2 Ke8 66.Rb5 Ke7 67.Kc4 
Bf2 68.Rb7+ Kf8 69.Kb5 Bg3 70.Kc6 Bxe5 71.Kd7 Bg3 72.Ra7 Bf4 73.Ra8+ Kg7 
74.Ke8 f5 75.Ke7 fxg4 76.fxg4 e5 77.Ra4 Bg3 78.Ke6 Kg6 79.Ra8 e4 80.Rg8+ 
Kh7 81.Rxg5 Kh6 82.Rg8 e3 83.Kf7 Bf4 84.Rg6+ Kh7 85.g5 1-0

[Event "12th EUR-ch"]
[Site "Aix-les-Bains FRA"]
[Date "2011.03.31"]
[Round "9.120"]
[White "Sahitaj, Naim"]
[Black "Kurmann, Oliver"]
[Result "1-0"]
[WhiteElo "2235"]
[BlackElo "2446"]
[EventDate "2011.03.22"]
[PlyCount "105"]

1.d4 Nf6 2.c4 e6 3.Nc3 c5 4.d5 exd5 5.cxd5 d6 6.e4 g6 7.f4 Bg7 8.Qa4+ Nfd7
9.Nf3 a6 10.Bd3 O-O 11.O-O b5 12.Qd1 Nb6 13.Ne2 Bg4 14.h3 Bxf3 15.Rxf3 
N8d7 16.g4 Re8 17.Ng3 c4 18.Bc2 b4 19.Rb1 a5 20.b3 c3 21.Be3 Qc7 22.h4 Nc8
23.h5 Na7 24.hxg6 hxg6 25.Qf1 Rab8 26.Qf2 Nb5 27.Rd1 Nf6 28.g5 Ng4 29.Qe2 
Nxe3 30.Qxe3 Qb6 31.Qxb6 Rxb6 32.Kg2 Nd4 33.Rf2 Ra8 34.Nf1 Nxc2 35.Rxc2 a4
36.Ne3 axb3 37.axb3 Rba6 38.Nc4 Rc8 39.Rb1 Bd4 40.Kf3 Kg7 41.e5 Bc5 42.Rh1
Rh8 43.Rxh8 Kxh8 44.Ke4 Kg7 45.Nxd6 Bxd6 46.exd6 Kf8 47.Kd4 Rxd6 48.Kc4 
Ke7 49.Kxb4 Rxd5 50.Rxc3 f6 51.gxf6+ Kxf6 52.Rc6+ Kf5 53.Rc5 1-0

[Event "12th EUR-ch"]
[Site "Aix-les-Bains FRA"]
[Date "2011.03.31"]
[Round "9.121"]
[White "Bacon, Nicolas"]
[Black "Govciyan, Pavel"]
[Result "1/2-1/2"]
[WhiteElo "2177"]
[BlackElo "2434"]
[EventDate "2011.03.22"]
[PlyCount "63"]

1.e4 e5 2.d4 exd4 3.Qxd4 Nc6 4.Qe3 g6 5.Nc3 Bg7 6.Bd2 Nge7 7.O-O-O d6 8.h4
h5 9.f3 Ne5 10.Nh3 a6 11.Nf2 Be6 12.f4 Nc4 13.Bxc4 Bxc4 14.Nd5 Nxd5 15.
exd5+ Qe7 16.Rde1 Qxe3 17.Rxe3+ Kd7 18.Bc3 Bxc3 19.Rxc3 Be2 20.Re1 Rae8 
21.Kd2 Bb5 22.Ne4 Kd8 23.Rce3 f5 24.Ng5 Rxe3 25.Rxe3 Kd7 26.b3 Bf1 27.g3 
c6 28.dxc6+ bxc6 29.Re6 Rg8 30.Re1 Bg2 31.Re2 Bh1 32.Re1 1/2-1/2

[Event "12th EUR-ch"]
[Site "Aix-les-Bains FRA"]
[Date "2011.03.31"]
[Round "9.122"]
[White "Potapov, Alexander"]
[Black "Caroff, Frederic"]
[Result "1-0"]
[WhiteElo "2425"]
[BlackElo "2117"]
[EventDate "2011.03.22"]
[PlyCount "101"]

1.d4 Nf6 2.c4 e5 3.dxe5 Ng4 4.Bf4 Nc6 5.Nf3 Bb4+ 6.Nbd2 Qe7 7.e3 Ngxe5 8.
Nxe5 Nxe5 9.Be2 O-O 10.O-O Ng6 11.Bg3 Bd6 12.Bxd6 Qxd6 13.Qc2 Qe7 14.c5 d5
15.Nb3 c6 16.Nd4 Re8 17.Bd3 Nf8 18.b4 g6 19.Qc3 Ne6 20.Nb3 Ng7 21.Rfe1 Bf5
22.Bf1 Qe5 23.Qxe5 Rxe5 24.f3 Rae8 25.Kf2 Bc8 26.Bd3 Bf5 27.Bf1 Bc8 28.g4 
h5 29.h3 hxg4 30.hxg4 f5 31.gxf5 gxf5 32.f4 R5e6 33.Bd3 Rh6 34.Rh1 Ree6 
35.Nd4 Reg6 36.a4 a6 37.b5 Rxh1 38.Rxh1 axb5 39.axb5 cxb5 40.Bxb5 Kf7 41.
Rh8 Be6 42.Rb8 Rh6 43.Rxb7+ Kf6 44.c6 Rh2+ 45.Kg3 Rh1 46.Kg2 Rb1 47.Rxg7 
Kxg7 48.Nxe6+ Kf6 49.c7 Rc1 50.Bd7 Rxc7 51.Nxc7 1-0

[Event "12th EUR-ch"]
[Site "Aix-les-Bains FRA"]
[Date "2011.04.01"]
[Round "10.1"]
[White "Mamedov, Rauf"]
[Black "Vitiugov, Nikita"]
[Result "1/2-1/2"]
[WhiteElo "2667"]
[BlackElo "2720"]
[EventDate "2011.03.22"]
[PlyCount "25"]

1.e4 e6 2.d4 d5 3.Nd2 c5 4.exd5 Qxd5 5.dxc5 Nf6 6.Ngf3 Qxc5 7.Bd3 Be7 8.
O-O O-O 9.Qe2 Nbd7 10.Ne4 Qc7 11.Bg5 b6 12.Nxf6+ Nxf6 13.Rfe1 1/2-1/2

[Event "12th EUR-ch"]
[Site "Aix-les-Bains FRA"]
[Date "2011.04.01"]
[Round "10.2"]
[White "Wojtaszek, Radoslaw"]
[Black "Khairullin, Ildar"]
[Result "1-0"]
[WhiteElo "2711"]
[BlackElo "2634"]
[EventDate "2011.03.22"]
[PlyCount "85"]

1.d4 Nf6 2.c4 e6 3.Nc3 Bb4 4.Nf3 b6 5.e3 Bb7 6.Bd3 O-O 7.O-O d5 8.cxd5 
exd5 9.a3 Bd6 10.b4 a6 11.Qb3 Qe7 12.Rb1 Nbd7 13.a4 Rfb8 14.b5 axb5 15.
axb5 g6 16.h3 h6 17.Re1 Ra7 18.Bb2 Qe6 19.Nd2 Rba8 20.Qc2 Bf8 21.e4 dxe4 
22.Ndxe4 Bxe4 23.Nxe4 Bg7 24.Bc4 Qf5 25.g4 Qf3 26.Re3 Qf4 27.Ng3 Nf8 28.
Bxf7+ Kh7 29.Bb3 Rd8 30.Rbe1 Rd7 31.Re5 Ra8 32.Qc4 Rad8 33.R1e4 Qd2 34.Bc3
Qc1+ 35.Kg2 Nd5 36.Ne2 Qa3 37.Nf4 Bxe5 38.Nxd5 Rxd5 39.Rxe5 c6 40.Bb4 Qa8 
41.bxc6 b5 42.Qxd5 Rxd5 43.Bxd5 1-0

[Event "12th EUR-ch"]
[Site "Aix-les-Bains FRA"]
[Date "2011.04.01"]
[Round "10.4"]
[White "Ragger, Markus"]
[Black "Vallejo Pons, Francisco"]
[Result "1/2-1/2"]
[WhiteElo "2614"]
[BlackElo "2707"]
[EventDate "2011.03.22"]
[PlyCount "80"]

1.Nf3 Nf6 2.c4 e6 3.g3 d5 4.Bg2 Be7 5.d4 O-O 6.O-O dxc4 7.Qc2 b5 8.a4 b4 
9.Nbd2 Bb7 10.Nxc4 Be4 11.Qd1 c5 12.dxc5 Nbd7 13.Nfe5 Nxe5 14.Qxd8 Rfxd8 
15.Nxe5 Bxc5 16.Bg5 Bxg2 17.Kxg2 Rd5 18.Bxf6 gxf6 19.Nd3 b3 20.Rfc1 Bd6 
21.Rc3 Rb8 22.Rac1 Kg7 23.Rc8 Rxc8 24.Rxc8 Ra5 25.Rc4 f5 26.Kf1 h5 27.Ke1 
e5 28.f3 Ra6 29.Kd2 Rb6 30.Kc3 f4 31.a5 Rb5 32.Rc6 fxg3 33.hxg3 Bb8 34.Nc5
e4 35.Nxe4 Be5+ 36.Kc4 Rxa5 37.Kb4 Rd5 38.Kc4 Ra5 39.Kb4 Rd5 40.Kc4 Ra5 
1/2-1/2

[Event "12th EUR-ch"]
[Site "Aix-les-Bains FRA"]
[Date "2011.04.01"]
[Round "10.7"]
[White "Svidler, Peter"]
[Black "Kobalia, Mikhail"]
[Result "1-0"]
[WhiteElo "2730"]
[BlackElo "2672"]
[EventDate "2011.03.22"]
[PlyCount "127"]

1.d4 d5 2.c4 c6 3.Nc3 Nf6 4.e3 e6 5.Nf3 Nbd7 6.Qc2 Bd6 7.Bd3 O-O 8.O-O 
dxc4 9.Bxc4 a6 10.Rd1 b5 11.Bd3 Bb7 12.Ng5 h6 13.Nge4 Be7 14.a3 a5 15.Rb1 
b4 16.Nxf6+ Bxf6 17.Ne4 Be7 18.Nc5 Bxc5 19.dxc5 Qe7 20.axb4 axb4 21.Bd2 b3
22.Qxb3 Nxc5 23.Bb4 Nxb3 24.Bxe7 Rfe8 25.Bd6 Ba6 26.Bc2 Bc4 27.h4 Ra5 28.
f3 Rea8 29.Bb4 Rd5 30.Be4 Rxd1+ 31.Rxd1 Rb8 32.Rd7 Bd5 33.Bd6 Ra8 34.Bd3 
Nc1 35.Bf1 Bb3 36.g4 Ra5 37.Bb4 Ra1 38.Kf2 e5 39.Rc7 e4 40.fxe4 Bc2 41.Bc3
Nd3+ 42.Kg2 Ne1+ 43.Kg3 Nd3 44.Bg2 Nc5 45.e5 Be4 46.e6 fxe6 47.b4 Rg1 48.
Rxg7+ Kf8 49.bxc5 Rxg2+ 50.Kf4 Bd3 51.Rc7 Be2 52.g5 hxg5+ 53.hxg5 Bc4 54.
Rxc6 Rf2+ 55.Kg3 Rc2 56.Bf6 Kf7 57.Rc7+ Kg6 58.e4 Bd3 59.Kf4 Rg2 60.Kf3 
Rc2 61.Rg7+ Kh5 62.Rh7+ Kg6 63.Rh6+ Kf7 64.Be5 1-0

[Event "12th EUR-ch"]
[Site "Aix-les-Bains FRA"]
[Date "2011.04.01"]
[Round "10.8"]
[White "Nielsen, Peter Heine"]
[Black "Nepomniachtchi, Ian"]
[Result "1/2-1/2"]
[WhiteElo "2670"]
[BlackElo "2729"]
[EventDate "2011.03.22"]
[PlyCount "38"]

1.d4 g6 2.Nf3 Bg7 3.c4 Nf6 4.g3 O-O 5.Bg2 d5 6.cxd5 Nxd5 7.O-O Nb6 8.Nc3 
Nc6 9.e3 Re8 10.d5 Na5 11.Nd4 Bd7 12.b3 c5 13.dxc6 Nxc6 14.Nxc6 Bxc6 15.
Bxc6 bxc6 16.Bb2 c5 17.Qe2 c4 18.Rfd1 Qb8 19.Nd5 Nxd5 1/2-1/2

[Event "12th EUR-ch"]
[Site "Aix-les-Bains FRA"]
[Date "2011.04.01"]
[Round "10.9"]
[White "Smirin, Ilia"]
[Black "Jakovenko, Dmitry"]
[Result "1/2-1/2"]
[WhiteElo "2658"]
[BlackElo "2718"]
[EventDate "2011.03.22"]
[PlyCount "27"]

1.e4 e5 2.Nf3 Nc6 3.Bb5 Nf6 4.d3 Bc5 5.c3 O-O 6.O-O d6 7.Nbd2 a6 8.Ba4 Ba7
9.h3 Ne7 10.Re1 Ng6 11.Nf1 c6 12.d4 exd4 13.Nxd4 d5 14.exd5 1/2-1/2

[Event "12th EUR-ch"]
[Site "Aix-les-Bains FRA"]
[Date "2011.04.01"]
[Round "10.11"]
[White "Motylev, Alexander"]
[Black "Ivanisevic, Ivan"]
[Result "1/2-1/2"]
[WhiteElo "2677"]
[BlackElo "2617"]
[EventDate "2011.03.22"]
[PlyCount "45"]

1.e4 e5 2.Nf3 Nc6 3.Bb5 Bc5 4.O-O Qf6 5.d3 h6 6.Be3 Bxe3 7.fxe3 Nge7 8.d4 
O-O 9.Nc3 exd4 10.exd4 d6 11.Qd2 Qg6 12.Rae1 Bg4 13.Nd5 Nxd5 14.exd5 Qh5 
15.Bc4 Nb8 16.h3 Bxf3 17.Rxf3 Nd7 18.Qf2 Qg5 19.Rf5 Qd8 20.Rf1 Qe7 21.Re1 
Qd8 22.Rf1 Qe7 23.Re1 1/2-1/2

[Event "12th EUR-ch"]
[Site "Aix-les-Bains FRA"]
[Date "2011.04.01"]
[Round "10.12"]
[White "Feller, Sebastien"]
[Black "Volokitin, Andrei"]
[Result "1-0"]
[WhiteElo "2657"]
[BlackElo "2677"]
[EventDate "2011.03.22"]
[PlyCount "143"]

1.d4 Nf6 2.c4 e6 3.Nc3 Bb4 4.Qc2 O-O 5.a3 Bxc3+ 6.Qxc3 b6 7.Bg5 Bb7 8.f3 
h6 9.Bh4 d5 10.e3 Nbd7 11.cxd5 Nxd5 12.Bxd8 Nxc3 13.Bh4 Nd5 14.Bf2 f5 15.
Bb5 c6 16.Bd3 e5 17.Ne2 Rae8 18.O-O exd4 19.exd4 Nb8 20.Nc3 Ba6 21.Bxa6 
Nxa6 22.Nxd5 cxd5 23.Rac1 f4 24.Rfe1 Kf7 25.Rc6 Rc8 26.Rec1 Rxc6 27.Rxc6 
Ke7 28.Be1 Kd7 29.Rg6 Rf7 30.Bb4 Nc7 31.Rd6+ Ke8 32.a4 Rd7 33.Rc6 Kf7 34.
Bd6 Ne6 35.Be5 Ke7 36.b4 Rd8 37.a5 Kd7 38.b5 Rc8 39.Rd6+ Ke7 40.axb6 Rc1+ 
41.Kf2 Rc2+ 42.Kf1 Rc1+ 43.Ke2 axb6 44.Rxb6 Rc2+ 45.Kd3 Rxg2 46.Bd6+ Kf7 
47.Rb7+ Kg6 48.b6 Rb2 49.Be5 Kh5 50.Kc3 Rb5 51.Rb8 Ng5 52.Bxf4 Nxf3 53.Be5
g5 54.Bc7 g4 55.Ra8 Nxh2 56.Bxh2 Rxb6 57.Rd8 Kh4 58.Be5 Rg6 59.Rxd5 h5 60.
Rd6 Rg8 61.Ra6 g3 62.Ra1 Kg4 63.d5 Kf5 64.Bc7 h4 65.d6 Ke6 66.Re1+ Kd7 67.
Re7+ Kc6 68.d7 h3 69.Re8 Kxd7 70.Rxg8 h2 71.Rg7+ Kc6 72.Rh7 1-0

[Event "12th EUR-ch"]
[Site "Aix-les-Bains FRA"]
[Date "2011.04.01"]
[Round "10.13"]
[White "Beliavsky, Alexander"]
[Black "Inarkiev, Ernesto"]
[Result "1/2-1/2"]
[WhiteElo "2619"]
[BlackElo "2674"]
[EventDate "2011.03.22"]
[PlyCount "51"]

1.d4 Nf6 2.c4 g6 3.Nc3 Bg7 4.e4 d6 5.Nf3 O-O 6.Be2 c5 7.O-O Re8 8.Be3 Ng4 
9.Bg5 h6 10.Bh4 cxd4 11.Nxd4 Ne5 12.f4 Nec6 13.Nb3 Nd7 14.Kh1 b6 15.Qd2 
Bb7 16.Rad1 Nc5 17.Qe3 Nb4 18.Nd4 Qc8 19.f5 g5 20.Bg3 Nc6 21.Ndb5 a6 22.f6
Bh8 23.Rf5 axb5 24.Rxg5+ hxg5 25.Qxg5+ Kf8 26.Qh6+ 1/2-1/2

[Event "12th EUR-ch"]
[Site "Aix-les-Bains FRA"]
[Date "2011.04.01"]
[Round "10.14"]
[White "Nevednichy, Vladislav"]
[Black "Moiseenko, Alexander"]
[Result "0-1"]
[WhiteElo "2534"]
[BlackElo "2673"]
[EventDate "2011.03.22"]
[PlyCount "84"]

1.e4 c5 2.Nf3 Nc6 3.Bb5 e6 4.Bxc6 bxc6 5.d3 Ne7 6.Qe2 d5 7.c4 Ng6 8.O-O 
Bd6 9.e5 Bc7 10.b3 f6 11.Bb2 O-O 12.g3 d4 13.Ba3 Nxe5 14.Bxc5 Bd6 15.b4 
Nf7 16.Bxd6 Qxd6 17.Nbd2 Qxb4 18.Rfb1 Qd6 19.Ne4 Qd8 20.a4 e5 21.Nh4 f5 
22.Nd2 Qd6 23.Rb2 g6 24.Rab1 Bd7 25.Ng2 c5 26.a5 Bc6 27.f3 Rae8 28.Re1 Ng5
29.h4 Nf7 30.Kh2 Kh8 31.Rf1 Rg8 32.Rh1 g5 33.hxg5 Nxg5 34.Nh4 e4 35.f4 
exd3 36.Qxd3 Bxh1 37.Kxh1 Ne4 38.Nf1 Qc6 39.Ng2 Qh6+ 40.Kg1 Qh3 41.Re2 Re6
42.Re1 Rge8 0-1

[Event "12th EUR-ch"]
[Site "Aix-les-Bains FRA"]
[Date "2011.04.01"]
[Round "10.15"]
[White "Navara, David"]
[Black "Saric, Ivan"]
[Result "0-1"]
[WhiteElo "2722"]
[BlackElo "2626"]
[EventDate "2011.03.22"]
[PlyCount "174"]

1.e4 e5 2.Nf3 Nc6 3.Bb5 a6 4.Ba4 Nf6 5.O-O Be7 6.Re1 b5 7.Bb3 d6 8.c3 O-O 
9.h3 Bb7 10.d4 Re8 11.Nbd2 Bf8 12.a3 h6 13.d5 Ne7 14.Nh2 Qd7 15.Ndf1 c6 
16.Ng4 Nxg4 17.hxg4 cxd5 18.exd5 Rac8 19.Ng3 Rc4 20.Bxc4 bxc4 21.b4 Nxd5 
22.Ne4 h5 23.g5 Qc6 24.Qxh5 Nxc3 25.Re3 Re6 26.Rh3 Rh6 27.gxh6 Qxe4 28.f3 
Qd4+ 29.Kh2 Ne2 30.Bb2 Qf4+ 31.Kh1 c3 32.hxg7 Bxg7 33.Qh7+ Kf8 34.Bc1 Nxc1
35.Qc2 Bh6 36.Qxc3 Ne2 37.Qe1 Nd4 38.Qh4 Qxh4 39.Rxh4 Kg7 40.Rd1 Nf5 41.
Rxh6 Kxh6 42.Rc1 e4 43.fxe4 Bxe4 44.Kg1 Kg5 45.a4 d5 46.Rc7 Kf6 47.b5 axb5
48.axb5 d4 49.b6 Nd6 50.g4 Ke6 51.g5 Bd5 52.Kf2 Ne4+ 53.Ke2 Kd6 54.g6 fxg6
55.Rg7 Nc5 56.Rxg6+ Be6 57.b7 Kc7 58.Rg7+ Kb8 59.Re7 Bg4+ 60.Kd2 Bf5 61.
Re8+ Kxb7 62.Re5 Nb3+ 63.Ke2 Bc2 64.Rd5 Kc7 65.Kf3 Kc6 66.Rd8 Kb5 67.Kf4 
Kb4 68.Rb8+ Kc3 69.Rc8+ Kd2 70.Rd8 d3 71.Rxd3+ Kxd3 72.Ke5 Kc4 73.Kd6 Kd4 
74.Ke6 Nc5+ 75.Kd6 Be4 76.Ke7 Ke5 77.Kf7 Bf5 78.Kg7 Ke6 79.Kg8 Kf6 80.Kh8 
Nd3 81.Kg8 Ne5 82.Kh8 Nf7+ 83.Kg8 Be4 84.Kf8 Bh7 85.Ke8 Ne5 86.Kd8 Ke6 87.
Kc7 Nd7 0-1

[Event "12th EUR-ch"]
[Site "Aix-les-Bains FRA"]
[Date "2011.04.01"]
[Round "10.16"]
[White "Dreev, Aleksey"]
[Black "Matlakov, Maxim"]
[Result "1/2-1/2"]
[WhiteElo "2697"]
[BlackElo "2625"]
[EventDate "2011.03.22"]
[PlyCount "31"]

1.d4 d5 2.c4 c6 3.Nf3 Nf6 4.e3 a6 5.Bd2 e6 6.Qc2 Nbd7 7.Nc3 dxc4 8.Bxc4 b5
9.Be2 Bb7 10.Ne4 Nxe4 11.Qxe4 Qb6 12.O-O c5 13.dxc5 Nxc5 14.Qg4 Ne4 15.
Rfd1 h5 16.Qh3 1/2-1/2

[Event "12th EUR-ch"]
[Site "Aix-les-Bains FRA"]
[Date "2011.04.01"]
[Round "10.17"]
[White "Fressinet, Laurent"]
[Black "Volkov, Sergey"]
[Result "1/2-1/2"]
[WhiteElo "2693"]
[BlackElo "2621"]
[EventDate "2011.03.22"]
[PlyCount "85"]

1.d4 d5 2.c4 c6 3.Nc3 Nf6 4.cxd5 cxd5 5.Bf4 Nc6 6.e3 a6 7.Bd3 Bg4 8.Nge2 
e6 9.O-O Be7 10.Rc1 O-O 11.Na4 Bh5 12.f3 Bg6 13.Bxg6 hxg6 14.Qb3 Ra7 15.
Bg3 Nd7 16.Nf4 Na5 17.Qd1 Nc4 18.Qe2 b5 19.Nc3 Bh4 20.Bxh4 Qxh4 21.Nd3 Rc8
22.e4 Rac7 23.Kh1 Ncb6 24.g3 Qf6 25.exd5 exd5 26.Nb4 Qxd4 27.Nxa6 Rc4 28.
Nxb5 Qe5 29.Qxe5 Nxe5 30.Rce1 Nd3 31.Nd6 Nxe1 32.Nxc8 Rxc8 33.Rxe1 Rc2 34.
Rb1 Nc4 35.Nb4 Rd2 36.b3 Ne5 37.Rf1 d4 38.h3 d3 39.f4 Nd7 40.Kg1 Nc5 41.
Rf2 Rd1+ 42.Rf1 Rd2 43.Rf2 1/2-1/2

[Event "12th EUR-ch"]
[Site "Aix-les-Bains FRA"]
[Date "2011.04.01"]
[Round "10.18"]
[White "Sutovsky, Emil"]
[Black "Kulaots, Kaido"]
[Result "1/2-1/2"]
[WhiteElo "2692"]
[BlackElo "2601"]
[EventDate "2011.03.22"]
[PlyCount "83"]

1.e4 c5 2.Nf3 d6 3.d4 cxd4 4.Nxd4 Nf6 5.Nc3 g6 6.Be3 Bg7 7.f3 O-O 8.Qd2 
Nc6 9.O-O-O d5 10.exd5 Nxd5 11.Nxc6 bxc6 12.Bd4 Bxd4 13.Qxd4 Qb6 14.Na4 
Qc7 15.Bc4 Rd8 16.Qc5 Bf5 17.g3 Nb6 18.Bb3 Rd6 19.Nc3 Rad8 20.Nb5 Rxd1+ 
21.Rxd1 Rxd1+ 22.Kxd1 Qd8+ 23.Nd4 Bd7 24.a4 Be8 25.a5 Nc8 26.Ba4 Nd6 27.a6
Nf5 28.c3 Nxd4 29.cxd4 Kf8 30.Kc2 Qd7 31.Kc3 f6 32.Kb4 Qc7 33.Ka3 Qd6 34.
Qxd6 exd6 35.b4 d5 36.b5 cxb5 37.Bb3 Ke7 38.Bxd5 Kd6 39.Bg8 h6 40.Kb4 Kc6 
41.Be6 g5 42.f4 1/2-1/2

[Event "12th EUR-ch"]
[Site "Aix-les-Bains FRA"]
[Date "2011.04.01"]
[Round "10.19"]
[White "Riazantsev, Alexander"]
[Black "Reinderman, Dimitri"]
[Result "1-0"]
[WhiteElo "2679"]
[BlackElo "2601"]
[EventDate "2011.03.22"]
[PlyCount "47"]

1.d4 f5 2.g3 Nf6 3.Bg2 e6 4.c4 c6 5.Nc3 d5 6.Nh3 Bd6 7.O-O O-O 8.Qc2 dxc4 
9.e4 e5 10.exf5 Ng4 11.Ne4 b5 12.b3 exd4 13.bxc4 Bxf5 14.cxb5 Kh8 15.bxc6 
Ne5 16.Qa4 Bc7 17.Ba3 Re8 18.f4 Ng4 19.Nhg5 Re7 20.Qb3 Bg6 21.f5 Bh5 22.
Ne6 Qe8 23.Bxe7 Qxe7 24.Qb7 1-0

[Event "12th EUR-ch"]
[Site "Aix-les-Bains FRA"]
[Date "2011.04.01"]
[Round "10.20"]
[White "Lenic, Luka"]
[Black "Rublevsky, Sergei"]
[Result "1/2-1/2"]
[WhiteElo "2623"]
[BlackElo "2678"]
[EventDate "2011.03.22"]
[PlyCount "58"]

1.d4 d5 2.c4 c6 3.Nc3 Nf6 4.e3 e6 5.Nf3 a6 6.Qc2 c5 7.cxd5 exd5 8.Be2 Be6 
9.O-O Nc6 10.Rd1 cxd4 11.Nxd4 Nxd4 12.Rxd4 Bc5 13.Rd1 Qe7 14.Bf3 Rd8 15.b3
O-O 16.Bb2 Rc8 17.Nxd5 Bxd5 18.Bxd5 Bxe3 19.Qe2 Nxd5 20.Rxd5 Bg5 21.Re5 
Qf6 22.Re1 h6 23.h4 Qg6 24.hxg5 Rc2 25.Qe3 Rxb2 26.gxh6 Qxh6 27.Qxh6 gxh6 
28.R5e2 Rxe2 29.Rxe2 Rc8 1/2-1/2

[Event "12th EUR-ch"]
[Site "Aix-les-Bains FRA"]
[Date "2011.04.01"]
[Round "10.21"]
[White "Azarov, Sergei"]
[Black "Nisipeanu, Liviu-Dieter"]
[Result "1-0"]
[WhiteElo "2615"]
[BlackElo "2673"]
[EventDate "2011.03.22"]
[PlyCount "67"]

1.e4 c5 2.Nf3 e6 3.d4 cxd4 4.Nxd4 Nf6 5.Nc3 d6 6.g4 e5 7.Nf5 Nc6 8.Bg5 h6 
9.Bxf6 Qxf6 10.Nd5 Qd8 11.h4 g6 12.Nfe3 Be6 13.c3 Be7 14.Qb3 Rb8 15.h5 Kf8
16.Rd1 Bg5 17.Qa3 Kg7 18.Be2 Qd7 19.Qa4 Rhc8 20.Kf1 Qd8 21.Kg2 b5 22.Bxb5 
Bxe3 23.Nxe3 Qg5 24.Rh3 Bxg4 25.Nxg4 Rxb5 26.Rg3 Rxb2 27.Rxd6 Ne7 28.hxg6 
fxg6 29.Qxa7 Rxc3 30.Rxg6+ Kxg6 31.Nxe5+ Kf6 32.Rxg5 hxg5 33.Qd4 Rbc2 34.
Qd6+ 1-0

[Event "12th EUR-ch"]
[Site "Aix-les-Bains FRA"]
[Date "2011.04.01"]
[Round "10.22"]
[White "Popov, Ivan"]
[Black "Cheparinov, Ivan"]
[Result "0-1"]
[WhiteElo "2613"]
[BlackElo "2664"]
[EventDate "2011.03.22"]
[PlyCount "80"]

1.e4 c5 2.Nf3 Nc6 3.Nc3 g6 4.Bb5 Bg7 5.Bxc6 dxc6 6.d3 b6 7.h3 Nh6 8.Be3 f6
9.Qd2 Nf7 10.Nh2 e5 11.O-O-O Be6 12.f4 exf4 13.Bxf4 O-O 14.Nf3 Ne5 15.Kb1 
a5 16.Bh6 a4 17.Bxg7 Kxg7 18.Ne2 Qd6 19.Qf4 Rad8 20.Rhf1 Bg8 21.g4 Qe6 22.
Nc1 b5 23.Nxe5 fxe5 24.Qe3 Qd6 25.a3 Qe7 26.Ne2 b4 27.Kc1 Rb8 28.Rxf8 Rxf8
29.c4 bxc3 30.Nxc3 Bb3 31.Rg1 Qd6 32.Ne2 Rd8 33.Kd2 Bc4 34.Nc1 Bxd3 35.
Nxd3 c4 36.Rg3 cxd3 37.Qa7+ Rd7 38.Qa6 Qd4 39.Rxd3 Qxb2+ 40.Ke1 Qc1+ 0-1

[Event "12th EUR-ch"]
[Site "Aix-les-Bains FRA"]
[Date "2011.04.01"]
[Round "10.23"]
[White "Khismatullin, Denis"]
[Black "Postny, Evgeny"]
[Result "0-1"]
[WhiteElo "2662"]
[BlackElo "2585"]
[EventDate "2011.03.22"]
[PlyCount "144"]

1.c4 c6 2.d4 d5 3.Nc3 Nf6 4.e3 a6 5.Qc2 g6 6.Bd3 Bg7 7.Nf3 Bg4 8.Ne5 Be6 
9.Bd2 O-O 10.O-O dxc4 11.Bxc4 Bxc4 12.Nxc4 Nbd7 13.Ne2 c5 14.dxc5 Nxc5 15.
Ba5 Qd3 16.Rac1 Qxc2 17.Rxc2 Ne6 18.Rfc1 Rfc8 19.g3 Rc6 20.Nb6 Rxc2 21.
Rxc2 Rd8 22.Nc3 Bf8 23.Kg2 Rd6 24.Nca4 Nd5 25.Rd2 Nxb6 26.Nxb6 Rxd2 27.
Bxd2 Nc5 28.Nc4 f5 29.Na5 Kf7 30.Kf3 Bg7 31.b4 Ne4 32.Ke2 Bc3 33.Be1 Bxe1 
34.Kxe1 Nd6 35.Ke2 Ke6 36.Kd3 Kd5 37.Nb3 b6 38.Nc1 Ne4 39.f3 Ng5 40.f4 Ne4
41.Nb3 Nf2+ 42.Ke2 Ng4 43.Nd2 Nxh2 44.Kd3 e5 45.e4+ fxe4+ 46.Nxe4 exf4 47.
gxf4 h5 48.Nc3+ Kd6 49.b5 axb5 50.Nxb5+ Ke6 51.Ke4 Nf1 52.Nd4+ Kf6 53.a4 
Ng3+ 54.Kf3 Nf5 55.Nb3 Ke6 56.a5 bxa5 57.Nxa5 Kd5 58.Nb7 Nd4+ 59.Kg3 Ne6 
60.Kf3 Nd4+ 61.Kg3 Ke6 62.Nc5+ Kf5 63.Nd3 Ne6 64.Kf3 h4 65.Nf2 Nxf4 66.Ng4
Nd5 67.Nh6+ Kg5 68.Nf7+ Kf6 69.Nd6 g5 70.Kg4 Kg6 71.Kf3 Kh5 72.Ke4 Kg4 0-1

[Event "12th EUR-ch"]
[Site "Aix-les-Bains FRA"]
[Date "2011.04.01"]
[Round "10.24"]
[White "Papaioannou, Ioannis"]
[Black "Gharamian, Tigran"]
[Result "1/2-1/2"]
[WhiteElo "2605"]
[BlackElo "2650"]
[EventDate "2011.03.22"]
[PlyCount "26"]

1.d4 Nf6 2.Nf3 e6 3.g3 d5 4.Bg2 Be7 5.c4 O-O 6.O-O dxc4 7.Ne5 Nc6 8.Bxc6 
bxc6 9.Nxc6 Qe8 10.Nxe7+ Qxe7 11.Qc2 c5 12.dxc5 Qxc5 13.b3 Bb7 1/2-1/2

[Event "12th EUR-ch"]
[Site "Aix-les-Bains FRA"]
[Date "2011.04.01"]
[Round "10.25"]
[White "Kotronias, Vasilios"]
[Black "Gustafsson, Jan"]
[Result "0-1"]
[WhiteElo "2583"]
[BlackElo "2647"]
[EventDate "2011.03.22"]
[PlyCount "102"]

1.e4 e5 2.Nf3 Nc6 3.d4 exd4 4.Nxd4 Nf6 5.Nxc6 bxc6 6.e5 Qe7 7.Qe2 Nd5 8.c4
Ba6 9.b3 g6 10.f4 d6 11.Qd2 Nb6 12.Ba3 c5 13.Nc3 Bg7 14.O-O-O O-O 15.Qf2 
Rfd8 16.Bd3 dxe5 17.Be4 Rab8 18.Bxc5 Qf6 19.f5 Rd4 20.Rhf1 Bxc4 21.fxg6 
Bxf1 22.gxf7+ Kxf7 23.Rxf1 Qxf2 24.Rxf2+ Kg8 25.Bxd4 exd4 26.Nb5 a5 27.
Nxc7 Be5 28.Ne6 Bxh2 29.Rc2 Be5 30.Kd2 a4 31.b4 a3 32.Nc5 Bf4+ 33.Kd3 Be3 
34.g4 h6 35.Bf5 Kf7 36.b5 Rd8 37.Nb7 Rb8 38.Rc7+ Kf8 39.Nc5 Nd5 40.Ne6+ 
Kg8 41.Rg7+ Kh8 42.Ra7 Bc1 43.Nxd4 Bb2 44.Nc6 Rxb5 45.Kc4 Nc3 46.Rh7+ Kg8 
47.Ne7+ Kf8 48.Ng6+ Kg8 49.Ra7 Rb6 50.Ne5 Rd6 51.Ra6 Nxa2 0-1

[Event "12th EUR-ch"]
[Site "Aix-les-Bains FRA"]
[Date "2011.04.01"]
[Round "10.26"]
[White "Korobov, Anton"]
[Black "Kovchan, Alexander"]
[Result "1-0"]
[WhiteElo "2647"]
[BlackElo "2563"]
[EventDate "2011.03.22"]
[PlyCount "73"]

1.d4 Nf6 2.c4 g6 3.Nc3 d5 4.cxd5 Nxd5 5.e4 Nxc3 6.bxc3 Bg7 7.Bc4 c5 8.Ne2 
O-O 9.O-O Nc6 10.Be3 Na5 11.Bd3 b6 12.Rc1 e5 13.dxc5 Be6 14.c4 bxc5 15.
Bxc5 Bh6 16.Rc2 Re8 17.Nc3 Rc8 18.Bb4 Nxc4 19.Nd5 Bxd5 20.exd5 Qb6 21.a3 
a5 22.Rxc4 Rxc4 23.Bxa5 Qxa5 24.Bxc4 Qxa3 25.d6 Rd8 26.d7 Qe7 27.Bb5 Bg5 
28.Qd5 Kg7 29.Re1 Bf6 30.g3 Qb4 31.Re4 Qa5 32.Ra4 Qb6 33.Bc4 Rf8 34.Ba2 
Qd8 35.Rc4 Qe7 36.Rc8 Kg8 37.Re8 1-0